| 000 | 01010nas a2200301 4500 | ||
|---|---|---|---|
| 001 | BR0707128 | ||
| 003 | BR-BrBNA | ||
| 005 | 20231205111357.0 | ||
| 007 | ta | ||
| 008 | 230509b bl.|||p| |||| 00| 00por d | ||
| 040 |
_aBR-BrBNA _bpor _cBiblioteca Nacional de Agricultura |
||
| 041 | _a(Pt) | ||
| 072 | _aQ03 | ||
| 100 | 1 | _aMagalhães, A.C.M. | |
| 100 | 1 | _aBelém, P.A.D. | |
| 100 | 1 | _aRibeiro Júnior, J.L. | |
| 100 | 1 | _aMassoneto, J.F. | |
| 111 | 1 |
_a8. Jornada de Medicina Veterinária da UNIPAR _cUmuarama, PR _d01-04 Sep 2003 |
|
| 245 | 1 | _aTeores de nitrogênio uréico no leite (NUL)em lotes de vacas mestiças agrupadas de acordo com a produção média de leite | |
| 650 | _aVACA LEITEIRA | ||
| 650 | _aLEITE | ||
| 650 | _aTEOR | ||
| 650 | _aUREIA | ||
| 650 | _aNITROGÊNIO | ||
| 773 | 0 |
_tArquivos e Ciências Veterinárias e Zoologia da UNIPAR (Brazil) _xISSN 1415-8167 _g(Jul-Dec 2003), v. 6(2) p. 219 _wBR0707128 |
|
| 909 |
_a202311 _bLúcia _c55 _dLúcia Elande |
||
| 942 |
_2AGRIS _n0 _cANA |
||
| 999 |
_c192370 _d192370 |
||